| 000 | 00689nam a22001817a 4500 | ||
|---|---|---|---|
| 999 |
_c371653 _d371653 |
||
| 008 | 220531b ||||| |||| 00| 0 eng d | ||
| 040 |
_aDE-2950 _cDE-2950 |
||
| 041 | _ager | ||
| 041 | _apol | ||
| 100 | _aMajchrzak, Natalia: | ||
| 245 |
_aBildungsreport = raport na temat ksztalcenia : _bBerufsorientierung und beruflicher Bildung am internationalen Bildungsstandort Frankfurt (Oder) - Slubice / _cNatalia Majchrzak ; Marcin Krzymuski ; Sören Bollmann |
||
| 260 |
_aFrankfurt (Oder) : _b[Stadt Frankfurt (Oder)], _c2021 |
||
| 300 |
_a115 S. _bAbb. Text deutsch - polnisch |
||
| 653 | _aFrankfurt (Oder) | ||
| 653 | _aSlubice <Polen> | ||
| 653 | _aBerufliche Bildung | ||
| 942 |
_2z _cB |
||